Entry Nombre personal
001 - NÚMERO DE CONTROL
- campo de control: 69535
003 - IDENTIFICADOR DE NÚMERO DE CONTROL
- campo de control: SpMaBN
005 - FECHA Y HORA DE LA ÚLTIMA TRANSACCIÓN
- campo de control: 20240524202651.0
008 - ELEMENTOS DE DATO DE LONGITUD-FIJA
- campo de control de longitud fija: 901120nn aijnnaabn a aaa
016 ## - NÚMERO DE CONTROL DE UNA AGENCIA BIBLIOGRÁFICA NACIONAL
- Número de control del registro: BNE19900553586
024 7# - IDENTIFICADOR DE OTROS ESTÁNDARES
- Número estándar o código: http://viaf.org/viaf/29907981/
- Fuente: viaf
024 8# - IDENTIFICADOR DE OTROS ESTÁNDARES
- Número estándar o código: https://data.cervantesvirtual.com/person/10371
024 7# - IDENTIFICADOR DE OTROS ESTÁNDARES
- Número estándar o código: https://isni.org/isni/0000000079727608
- Fuente: isni
024 7# - IDENTIFICADOR DE OTROS ESTÁNDARES
- Número estándar o código: http://www.wikidata.org/entity/Q627987
- Fuente: wikidata
040 ## - FUENTE DE CATALOGACIÓN
- Centro catalogador/agencia de origen: SpMaBN
- Lengua de catalogación: spa
- Centro/agencia transcriptor: SpMaBN
- Normas de descripción: rdc
- Convención/Normas de encabezamiento de materia/tesauro: embne
046 ## - FECHAS CON CODIFICACIÓN ESPECIAL
- Fecha de nacimiento: 1806
- Fecha de la muerte: 1866
100 1# - ENCABEZAMIENTO-NOMBRE DE PERSONA
- Nombre de persona: Lafuente, Modesto,
- Fechas asociadas al nombre: 1806-1866
370 ## - LUGAR ASOCIADO
- Lugar de nacimiento: España, Castilla y León, Palencia (Provincia), Cervera de Pisuerga, Rabanal de los Caballeros
370 ## - LUGAR ASOCIADO
- Lugar de fallecimiento: España, Madrid (Comunidad Autónoma), Madrid
373 ## - GRUPO ASOCIADO
- Grupo asociado: Real Academia de Ciencias Morales y Políticas
- Grupo asociado: Real Academia de la Historia
- Grupo asociado: Romanticismo
- Fuente de información: Wikidata
374 ## - OCUPACIÓN
- Ocupación: Escritores
- Ocupación: Historiadores
- Ocupación: Periodistas
- Fuente de información: Wikidata
375 ## - GÉNERO/SEXO
- Género: Masculino
377 ## - IDIOMA ASOCIADO
- Término de lengua/lenguaje: Español
400 0# - TRAZADO DE VÉASE--NOMBRE DE PERSONA
- Nombre de persona: Gerundio,
- Títulos y otros términos asociados al nombre: Fray,
- Fechas asociadas al nombre: 1806-1866
400 1# - TRAZADO DE VÉASE--NOMBRE DE PERSONA
- Nombre de persona: Lafuente y Zamalloa, Modesto,
- Fechas asociadas al nombre: 1806-1866
670 ## - FUENTE DE DATOS ENCONTRADOS
- Cita de la fuente: Historia general de España, 1850-1867
- Información encontrada: port. (Modesto Lafuente)
670 ## - FUENTE DE DATOS ENCONTRADOS
- Cita de la fuente: Teatro social del siglo XIX, 1862
- Información encontrada: port. (por Fray Gerundio)
670 ## - FUENTE DE DATOS ENCONTRADOS
- Cita de la fuente: Espasa
- Información encontrada: (Lafuente y Zamalloa, Modesto; historiador y escritor satírico español; n. 1-5-1806 en Rabanal de los Caballeros, m. 25-10-1866 en Madrid; en 1837 fundó en León el periódico "Fray Gerundio"; que utilizó como seud.)
670 ## - FUENTE DE DATOS ENCONTRADOS
- Cita de la fuente: Dicc. de seud. lit. esp., 1977
- Información encontrada: (Lafuente y Zamalloa, Modesto; seud.: Gerundio, Fray)
